00294 a2200133 450000100060000002000150000604000370002110000180005824000210007624500160009730000070011336200090012065000310012972004 a8526702440 cAnchieta - Colégio São Paulo aWeigle, Oscar10aSim e nãolpor10aSim e não a130 a1982 4aLiteratura infanto-juvenil